| 000 | 00551cam a2200145 4500 | ||
|---|---|---|---|
| 001 | WS121832 | ||
| 008 | 030331n 000 0 eng u | ||
| 035 | _a(Sirsi) u121832 | ||
| 245 | _aEurope Real Estate Directory | ||
| 520 | _aWeb site for this portal which is designed to be a one-stop destination for anything related to European real estate by country. | ||
| 650 | _aEUROPE | ||
| 650 | _aINTERNATIONAL | ||
| 856 | 4 | 0 |
_uhttps://www.europerealestatedirectory.com _zView the website free of charge at www.europerealestatedirectory.com... |
| 942 | _n0 | ||
| 999 |
_c120251 _d120251 |
||